000 00323nam a2200145Ia 4500
005 20250423100516.0
008 250422s9999 xx 000 0 und d
020 _a1397805400915115
050 _aAG 5 .P55/
245 0 _aPhilip’s Encyclopedia
260 _bOctopos
260 _c2008
300 _a960 p
942 _cBK
999 _c33522
_d33522